000 00863nam a2200253Ia 4500
003 OSt
005 20220925194307.0
006 a|||||r|||| 00| 0
007 ta
008 220923b |||||||| |||| 00| 0 eng d
020 _a9780674025806
_c1592.01
037 _b5514, 17/07/2015, RAJKIRAN BOOK AGENCY
_cGeneral Book
040 _aRTL
_cRTL
_beng
041 _2eng
_aeng
082 _aY9(Z,94).3Oj73, P4
100 _aGOLAN Tal
_9250846
245 0 _aLaws of men and laws of nature
_b The history of scientific expert testimony in England and America
260 _aCambridge
_bHarvard University Press
_c2004
300 _aviii, 325p
_ccm.
490 _aUNECE Energy Series; 43
650 _aSociology
942 _hY9(Z,94).3Oj73, P4
_cGB
_2CC
999 _c528927
_d528927